000
00239nam a2200097Ia 4500
005
20251222175817.0
008
251222s9999||||xx |||||||||||||| ||spa||
082
_a
DVD0070/L36/2000
245
0
_a
Cadena de favores:Pay it Forward
942
_c
DVD
999
_c
40349
_d
40349